Les mobs avec le plus de pv de minecraft - Statistiques

Statistiques générales
  • Ce quiz a été pris 67 fois
  • Le résultat moyen est 4 sur 15
Statistiques - réponses
Hint Réponse % Correct
100 cœur Enderdragon
92%
150 cœur Wither
79%
250 cœur Warden
71%
20 cœur Enderman
67%
15 coeur Gardien
27%
50 cœur Ravageur
13%
15 cœur Shulker
13%
40 cœur Ancien gardien
10%
15 cœur Cheval
10%
20 cœur Hoglin
6%
15 cœur Lama
4%
15 cœur Ours polaire
4%
15 cœur Tortue
4%
16 cœur Chameau
2%
25 cœur Piglin barbare
0%
Aucun quiz correspondant
Distribution des résultats
% des personnes avec chaque résultat
Percentile par nombre de réponses
Votre historique - résultats
Vous n’avez pas pris ce quiz